Outlines of modern librarianship : (Record no. 63416)

MARC details
000 -LEADER
fixed length control field 00594nam a22001577a 4500
005 - DATE AND TIME OF LATEST TRANSACTION
control field 20120224162627.0
020 ## - INTERNATIONAL STANDARD BOOK NUMBER
International Standard Book Number 0851572715
Terms of availability 00.00
035 ## - SYSTEM CONTROL NUMBER
System control number A-820496
037 ## - SOURCE OF ACQUISITION
Stock number DPL
Source of stock number/acquisition ENG
100 ## - MAIN ENTRY--PERSONAL NAME
Personal name Olle, James G.
245 ## - TITLE STATEMENT
Title Outlines of modern librarianship :
Remainder of title Library history /
Statement of responsibility, etc by James G Olle
260 ## - PUBLICATION, DISTRIBUTION, ETC. (IMPRINT)
Place of publication, distribution, etc London
Name of publisher, distributor, etc Clive Bingley
Date of publication, distribution, etc 1979
300 ## - PHYSICAL DESCRIPTION
Extent 114p.
Dimensions 18 cms.
942 ## - ADDED ENTRY ELEMENTS (KOHA)
Source of classification or shelving scheme Dewey Decimal Classification
Item type English Books
Classification part 021.0072
Call number suffix OLL
Holdings
Withdrawn status Lost status Not for loan Collection code Home library Current library Date acquired Cost, normal purchase price Full call number Barcode Cost, replacement price Koha item type
      Non-fiction Sarojini Nagar Sarojini Nagar 24/02/2012 0.00 021.0072 OLL A-820496 0.00 English Books

© Delhi Public Library
Hit Counter
free hit counter